Sistema universitario de investigacion, desarrollo, realizaciones y proyectos. informe al consejo superior (Registro nro. 26612)

Detalles MARC
001 - NÚMERO DE CONTROL
campo de control 48727
005 - FECHA Y HORA DE LA ÚLTIMA TRANSACCIÓN
campo de control 20260504071653.0
008 - DATOS DE LONGITUD FIJA--INFORMACIÓN GENERAL
campo de control de longitud fija 960313s1985 spa
035 ## - NÚMERO DE CONTROL DEL SISTEMA
Número de control de sistema 48727
035 ## - NÚMERO DE CONTROL DEL SISTEMA
Número de control de sistema (OCoLC)778119781
040 ## - FUENTE DE LA CATALOGACIÓN
Centro/agencia transcriptor comduadb
041 ## - CÓDIGO DE LENGUA
Código de lengua del texto/banda sonora o título independiente spa
082 #4 - NÚMERO DE LA CLASIFICACIÓN DECIMAL DEWEY
Número de clasificación 378
110 20 - ENTRADA PRINCIPAL--NOMBRE DE ENTIDAD CORPORATIVA
Nombre de entidad corporativa o nombre de jurisdicción como elemento de entrada Universidad de Antioquia
Código de función aut
Término indicativo de función/relación Autor/a
245 10 - MENCIÓN DE TÍTULO
Título Sistema universitario de investigacion, desarrollo, realizaciones y proyectos. informe al consejo superior
260 ## - PUBLICACIÓN, DISTRIBUCIÓN, ETC.
Lugar de publicación, distribución, etc. Medellín :
Nombre del editor, distribuidor, etc. Editorial Universidad de Antioquia,
Fecha de publicación, distribución, etc. 1985.
300 ## - DESCRIPCIÓN FÍSICA
Extensión 51 páginas
650 ## - PUNTO DE ACCESO ADICIONAL DE MATERIA--TÉRMINO DE MATERIA
Término de materia o nombre geográfico como elemento de entrada Universidad de Antioquia - Investigaciones
9 (RLIN) 42109
650 ## - PUNTO DE ACCESO ADICIONAL DE MATERIA--TÉRMINO DE MATERIA
Término de materia o nombre geográfico como elemento de entrada Universidad e investigación
9 (RLIN) 8482
942 ## - ELEMENTOS DE ENTRADA AGREGADA (KOHA)
Tipo de ítem Koha Libros
Existencias
Estado de retiro Estado de pérdida Estado dañado No para préstamo Código de colección Localización permanente Ubicación/localización actual Fecha de adquisición Número de inventario Total de préstamos Signatura topográfica completa Código de barras Fecha visto por última vez Número de copia Precio válido a partir de Tipo de ítem Koha
        Colección Antioquia 4to piso Biblioteca Carlos Gaviria Díaz, Campus Medellín Biblioteca Carlos Gaviria Díaz, Campus Medellín 13/05/1998 C81107   378.0072 U58s 61000002228662 20/04/2023 1 20/04/2023 Libros - Reserva
        Colección Antioquia 4to piso Biblioteca Carlos Gaviria Díaz, Campus Medellín Biblioteca Carlos Gaviria Díaz, Campus Medellín 13/05/1998 C81108   378.0072 U58s e2 61000002228845 20/04/2023 2 20/04/2023 Libros - Reserva